[Event "St Petersburg Chigorin CC-ch"]
[Site "St Petersburg"]
[Date "2009.05.28"]
[Round "8"]
[White "Kudriavtsev, Yury"]
[Black "Airumian, Sergei"]
[Result "1-0"]
[WhiteElo "1917"]
[BlackElo "2047"]
[PlyCount "65"]
[EventDate "2009.05.19"]
[EventType "swiss"]
[EventRounds "9"]
[EventCountry "RUS"]
[SourceTitle "CBM 130 Extra"]
[Source "ChessBase"]
[SourceDate "2009.07.02"]
[SourceVersion "2"]
[SourceVersionDate "2009.07.15"]
[SourceQuality "1"]

1. e4 c5 2. Nf3 e6 3. d4 cxd4 4. Nxd4 Nf6 5. Nc3 d6 6. Be3 Nc6 7. Be2 Be7 8. 0-0 0-0 9. f4 Qc7 10. Nxc6 bxc6 11. Bd3 a5 12. Qe2 e5 13. h3 d5 14. exd5 cxd5 15. fxe5 Qxe5 16. Qf2 Bd6 17. Bf4 Qxf4 18. Qxf4 Bxf4 19. Rxf4 Ba6 20. Rd1 Bc8 21. Bb5 Be6 22. Rfd4 Rab8 23. a4 Rfc8 24. R1d2 Bf5 25. Nxd5 Nxd5 26. Rxd5 Bxc2 27. Bd7 Bb3 28. Rxa5 Rd8 29. Ra6 Be6 30. Rad6 Bxd7 31. Rxd7 Rxd7 32. Rxd7 Kf8 33. a5 1-0

[Event "St Petersburg Chigorin CC-ch"]
[Site "St Petersburg"]
[Date "2009.05.21"]
[Round "3"]
[White "Airumian, Sergei"]
[Black "Katyshkina, Anastasia"]
[Result "1-0"]
[WhiteElo "2047"]
[BlackElo "1799"]
[PlyCount "79"]
[EventDate "2009.05.19"]
[EventType "swiss"]
[EventRounds "9"]
[EventCountry "RUS"]
[SourceTitle "CBM 130 Extra"]
[Source "ChessBase"]
[SourceDate "2009.07.02"]
[SourceVersion "2"]
[SourceVersionDate "2009.07.15"]
[SourceQuality "1"]

1. e4 e6 2. d4 d5 3. Nc3 dxe4 4. Nxe4 Bd7 5. Bg5 Be7 6. Bxe7 Nxe7 7. Qg4 Ng6 8. Nc5 Bc6 9. 0-0-0 0-0 10. h4 b6 11. h5 Ne7 12. h6 g6 13. Nd3 Nf5 14. Ne5 Bb7 15. Ngf3 Nd7 16. Nxd7 Qxd7 17. Ne5 Qe7 18. Bd3 Rac8 19. Rh5 Qf6 20. Nd7 Qxd4 21. Qxd4 Nxd4 22. Rh4 c5 23. Nxf8 Kxf8 24. c3 Nc6 25. Be4 Ke7 26. Rh3 f5 27. Rhd3 Rc7 28. Bxc6 Bxc6 29. f3 Kf6 30. Rd8 Kg5 31. Rh1 e5 32. Rg8 Kf6 33. Rd1 e4 34. f4 c4 35. Rd6+ Ke7 36. Rdxg6 e3 37. R6g7+ Kd6 38. Rxc7 Kxc7 39. Rg7+ Kd6 40. Rxh7 1-0

[Event "St Petersburg March op"]
[Site "St Petersburg"]
[Date "2008.03.23"]
[Round "2"]
[White "Airumian, Sergei"]
[Black "Malakhov, Igor"]
[Result "0-1"]
[WhiteElo "2060"]
[BlackElo "2288"]
[PlyCount "68"]
[EventDate "2008.03.22"]
[EventType "swiss"]
[EventRounds "9"]
[EventCountry "RUS"]
[SourceTitle "EXT 2010"]
[Source "ChessBase"]
[SourceDate "2010.11.25"]
[SourceVersion "1"]
[SourceVersionDate "2010.11.25"]
[SourceQuality "1"]

1. e4 c5 2. Nf3 Nc6 3. Nc3 g6 4. Bb5 Bg7 5. Bxc6 bxc6 6. d3 d6 7. h3 e5 8. 0-0 Nf6 9. Be3 0-0 10. Qd2 Nh5 11. Bh6 f5 12. Bxg7 Kxg7 13. Qg5 Qe8 14. exf5 Rxf5 15. Qe3 Qf8 16. Ne4 Nf4 17. Nh2 Be6 18. Ng3 Rf7 19. Ne4 Qe7 20. Nf3 h6 21. c3 Raf8 22. Nfd2 Bc8 23. d4 cxd4 24. cxd4 d5 25. Nc5 e4 26. Rae1 Qg5 27. Qg3 Nxh3+ 28. gxh3 Qxd2 29. Qe5+ Kh7 30. Rd1 Qf4 31. Qxf4 Rxf4 32. Rd2 e3 33. Re2 Bxh3 34. Rxe3 Rg4+ 0-1

[Event "St Petersburg-ch U16"]
[Site "St Petersburg"]
[Date "2007.11.08"]
[Round "4.2"]
[White "Sichinava, Zviad"]
[Black "Airumian, Sergei"]
[Result "1-0"]
[WhiteElo "2166"]
[BlackElo "2037"]
[PlyCount "99"]
[EventDate "2007.11.05"]
[EventType "swiss"]
[EventRounds "9"]
[EventCountry "RUS"]
[SourceTitle "EXT 2022"]
[Source "ChessBase"]
[SourceDate "2021.10.06"]
[SourceVersion "1"]
[SourceVersionDate "2021.10.06"]
[SourceQuality "1"]

1. d4 Nf6 2. Bg5 c5 3. Bxf6 gxf6 4. c3 Qb6 5. Qd2 d5 6. dxc5 Qxc5 7. b4 Qd6 8. Na3 a6 9. 0-0-0 Be6 10. e3 Nc6 11. Nf3 Bg7 12. Bd3 f5 13. Nd4 Nxd4 14. exd4 Bd7 15. Kb2 a5 16. b5 a4 17. Rde1 e6 18. Nc2 a3+ 19. Ka1 Qb6 20. Rb1 Ra5 21. Rb3 Bf8 22. Re1 Be7 23. h3 Qc7 24. Qe3 f4 25. Qf3 Qd6 26. g3 fxg3 27. fxg3 f6 28. Ne3 Kd8 29. g4 Kc8 30. Kb1 Kb8 31. c4 Ra4 32. c5 Qh2 33. Nxd5 exd5 34. Rxe7 Rd8 35. c6 Qd6 36. Rxd7 Rxd7 37. cxd7 Qxd7 38. Qf4+ Ka8 39. Qxf6 Qe8 40. Qe5 Qd8 41. b6 h5 42. Bb5 Qf8 43. Qe8+ Qxe8 44. Bxe8 Rxd4 45. gxh5 Rd1+ 46. Kc2 Re1 47. Bd7 Re2+ 48. Kd3 Rf2 49. Rc3 Rf3+ 50. Kd4 1-0

[Event "St Petersburg-ch U16"]
[Site "St Petersburg"]
[Date "2007.11.07"]
[Round "3.4"]
[White "Shpartko, Grigory"]
[Black "Airumian, Sergei"]
[Result "0-1"]
[WhiteElo "2102"]
[BlackElo "2037"]
[PlyCount "124"]
[EventDate "2007.11.05"]
[EventType "swiss"]
[EventRounds "9"]
[EventCountry "RUS"]
[SourceTitle "EXT 2022"]
[Source "ChessBase"]
[SourceDate "2021.10.06"]
[SourceVersion "1"]
[SourceVersionDate "2021.10.06"]
[SourceQuality "1"]

1. d4 Nf6 2. c4 e6 3. Nc3 Bb4 4. Bg5 h6 5. Bxf6 Qxf6 6. Rc1 c5 7. Nf3 cxd4 8. Nxd4 Nc6 9. e3 Qg6 10. Qd3 f5 11. g3 Ne5 12. Qe2 h5 13. a3 Be7 14. Kd2 h4 15. Nf3 Nxf3+ 16. Qxf3 Rb8 17. gxh4 Rxh4 18. Be2 Qf6 19. Rcg1 Bd6 20. Qg2 Kf7 21. f4 b6 22. Bf3 Ba6 23. Rd1 Be7 24. Ke1 d6 25. Rd4 Rbh8 26. b4 Rh3 27. b5 Bc8 28. Kd1 Qh4 29. Rd2 Bf6 30. Nb1 Ke7 31. a4 g5 32. fxg5 Qxg5 33. Qe2 Be5 34. Rf1 Rxh2 35. Qd3 R8h3 36. Rxh2 Rxh2 37. Nd2 Bd7 38. Be2 Rh3 39. Nf3 Qh6 40. Nxe5 dxe5 41. Kd2 f4 42. Bf3 Rh2+ 43. Kc3 Qf6 44. e4 Ke8 45. Rd1 Qe7 46. Kb3 a5 47. c5 bxc5 48. Kc4 Ra2 49. Qb3 Rh2 50. Qd3 Rb2 51. Bh5+ Kd8 52. Qd6 Rb4+ 53. Kxc5 Rxa4 54. Rd3 Rxe4 55. b6 Rb4 56. Bg4 e4 57. Rd1 Qxd6+ 58. Rxd6 Ke7 59. Rd4 Rb5+ 60. Kc4 Rxb6 61. Rxe4 Rb4+ 62. Kd3 Bb5+ 0-1

[Event "St Petersburg White Nights CYSS op"]
[Site "St Petersburg"]
[Date "2007.06.02"]
[Round "1"]
[White "Airumian, Sergei"]
[Black "Shushpanov, Vladimir Fedorovich"]
[Result "0-1"]
[WhiteElo "2021"]
[BlackElo "2365"]
[PlyCount "97"]
[EventDate "2007.06.02"]
[EventType "swiss"]
[EventRounds "9"]
[EventCountry "RUS"]
[SourceTitle "EXT 2022"]
[Source "ChessBase"]
[SourceDate "2021.10.06"]
[SourceVersion "1"]
[SourceVersionDate "2021.10.06"]
[SourceQuality "1"]

1. e4 g6 2. d4 Bg7 3. Nf3 c5 4. c4 Qa5+ 5. Nc3 Nc6 6. Be3 Nf6 7. Qd2 cxd4 8. Nxd4 Nxe4 9. Nxc6 Qxc3 10. Qxc3 Bxc3+ 11. bxc3 dxc6 12. Bd3 Nd6 13. Rb1 0-0 14. Ke2 Be6 15. c5 Nb5 16. Rhc1 Rad8 17. Rb2 Rd7 18. a4 Rfd8 19. Bxb5 cxb5 20. axb5 Bc4+ 21. Kf3 a6 22. bxa6 Bxa6 23. Rb6 Bc4 24. Kf4 Bd5 25. g4 Bc6 26. Rb4 f6 27. Kg3 e5 28. g5 f5 29. f4 Rd3 30. Kf2 exf4 31. Rxf4 Re8 32. Re1 Rxc3 33. h4 Bb5 34. Rb4 Rc2+ 35. Kg3 Bc6 36. Rf4 Rxc5 37. Bxc5 Rxe1 38. Rd4 Kf7 39. Rd8 Re8 40. Rd6 Re4 41. Kh3 Rc4 42. Rf6+ Ke8 43. Re6+ Kd8 44. Bf8 Re4 45. Rf6 Re3+ 46. Kh2 Re2+ 47. Kh3 Bg2+ 48. Kg3 Bc6 49. Bc5 0-1

[Event "St Petersburg Zak Memorial"]
[Site "St Petersburg"]
[Date "2007.03.27"]
[Round "4"]
[White "Semenenko, Sergey"]
[Black "Airumian, Sergei"]
[Result "1-0"]
[WhiteElo "2196"]
[BlackElo "2056"]
[PlyCount "91"]
[EventDate "2007.03.24"]
[EventType "swiss"]
[EventRounds "9"]
[EventCountry "RUS"]
[SourceTitle "CBM 117 Extra"]
[Source "ChessBase"]
[SourceDate "2007.05.09"]
[SourceVersion "1"]
[SourceVersionDate "2007.05.09"]
[SourceQuality "1"]

1. d4 Nf6 2. c4 e6 3. Nc3 Bb4 4. e3 c5 5. Nge2 d5 6. a3 Bxc3+ 7. Nxc3 cxd4 8. exd4 Nc6 9. c5 b6 10. b4 bxc5 11. dxc5 a6 12. g3 d4 13. Bg2 Bb7 14. Ne4 Nxe4 15. Bxe4 0-0 16. 0-0 f5 17. Bg2 e5 18. a4 Kh8 19. Rb1 Rb8 20. b5 Na7 21. Bxb7 Rxb7 22. Ba3 Rf6 23. c6 Rb8 24. Qc2 Qc7 25. Qc5 Nc8 26. Rfe1 h6 27. Rxe5 Rxc6 28. Re8+ Kh7 29. Qxf5+ g6 30. Qd5 h5 31. Qxd4 Qg7 32. Bb2 Qxd4 33. Bxd4 Kh6 34. h4 g5 35. Be3 Rc4 36. hxg5+ Kg7 37. b6 Rb7 38. a5 Nd6 39. Ra8 Ra4 40. Rd1 Nc4 41. Ra7 Rf7 42. Rdd7 Ra1+ 43. Kh2 Rxd7 44. Rxd7+ Kg6 45. b7 Rb1 46. Bb6 1-0

[Event "St Petersburg Zak Memorial"]
[Site "St Petersburg"]
[Date "2007.03.25"]
[Round "2"]
[White "Gershun, Dmitry"]
[Black "Airumian, Sergei"]
[Result "1-0"]
[WhiteElo "1940"]
[BlackElo "2056"]
[PlyCount "63"]
[EventDate "2007.03.24"]
[EventType "swiss"]
[EventRounds "9"]
[EventCountry "RUS"]
[SourceTitle "CBM 117 Extra"]
[Source "ChessBase"]
[SourceDate "2007.05.09"]
[SourceVersion "1"]
[SourceVersionDate "2007.05.09"]
[SourceQuality "1"]

1. e4 c5 2. Nf3 e6 3. d4 cxd4 4. Nxd4 Nf6 5. Nc3 d6 6. Be3 Be7 7. f4 Nc6 8. Qf3 e5 9. Nxc6 bxc6 10. h3 Qa5 11. Bc4 Qb4 12. Bb3 exf4 13. Bxf4 Be6 14. 0-0 Bxb3 15. axb3 0-0 16. Ra6 Qb7 17. Rfa1 Nd7 18. Be3 c5 19. Nd5 Nb8 20. R6a4 Nc6 21. e5 Rfc8 22. exd6 Bxd6 23. Nf6+ Kf8 24. Nxh7+ Ke8 25. Re1 Kd8 26. Ng5 Rc7 27. Rd1 Rd7 28. Nxf7+ Rxf7 29. Rxd6+ Rd7 30. Rxc6 Ke8 31. Re6+ Kd8 32. Qf8+ 1-0

[Event "St Petersburg-ch U18"]
[Site "St Petersburg"]
[Date "2006.11.26"]
[Round "3"]
[White "Airumian, Sergei"]
[Black "Korennoi, Viktor"]
[Result "0-1"]
[WhiteElo "2100"]
[BlackElo "2199"]
[PlyCount "116"]
[EventDate "2006.11.12"]
[EventType "swiss"]
[EventRounds "7"]
[EventCountry "RUS"]
[SourceTitle "EXT 2019"]
[Source "ChessBase"]
[SourceDate "2018.10.10"]
[SourceVersion "1"]
[SourceVersionDate "2018.10.10"]
[SourceQuality "1"]

1. e4 c5 2. Nc3 Nc6 3. g3 g6 4. Bg2 Bg7 5. d3 Nf6 6. Be3 d6 7. h3 0-0 8. Qd2 Re8 9. Bh6 Bh8 10. f4 Rb8 11. f5 b5 12. Nf3 b4 13. Ne2 Nd7 14. c3 bxc3 15. bxc3 Qb6 16. 0-0 Ba6 17. Ng5 Nce5 18. Nf4 Qb2 19. Rad1 Qxd2 20. Rxd2 Rb7 21. Nd5 Bxd3 22. fxg6 hxg6 23. Rfd1 Bc4 24. h4 Ng4 25. e5 Nxh6 26. Nxe7+ Rxe7 27. Bxb7 Bxe5 28. Ne4 Nf5 29. Kf2 Nb6 30. g4 Nh6 31. Bc6 Rc7 32. Be8 Kf8 33. Re1 Nxg4+ 34. Kf3 Nh2+ 35. Kf2 Re7 36. Bc6 Bf4 37. Rdd1 Rc7 38. Nxd6 Rxc6 39. Nxc4 Nxc4 40. Re4 Ng4+ 41. Ke2 Re6 42. Rxe6 fxe6 43. Rd7 a5 44. h5 gxh5 45. Rh7 Nf6 46. Rh8+ Ke7 47. Kd3 Ne5+ 48. Ke2 Bg3 49. Ra8 Nc6 50. Kf3 h4 51. Rc8 Kd6 52. Rf8 Nd5 53. Kg4 Ne5+ 54. Kg5 h3 55. Rf1 Ne3 56. Rh1 h2 57. a4 Nf3+ 58. Kh5 Ng1 0-1